Tatranský portrétista Andor Borúth

Titel: Tatranský portrétista Andor Borúth / Tatranská Galéria Poprad. [Zodpovedný red.: Anna Ondrušeková. Text: Jitka Haaková]
Beteiligt: ; ;
Veröffentlicht: Poprad : Tatranská Galéria, 2009
Umfang: 72 S. : überw. Ill.
Format: Buch
Sprache: Slowakisch
Schlagworte:
ISBN: 9788088851295 ; 8088851297
Buchumschlag
X
Lokale Klassifikation: 2 B 2454 ; 24 9 F ; 24 15 Q ; 24 15 R
alg: 31436254
001A    $03004:14-12-12 
001B    $01999:09-06-23 $t20:26:50.000 
001D    $03004:08-08-13 
001U    $0utf8 
001X    $00 
002@    $0Aau 
003@    $0314362541 
004A    $A978-80-88851-29-5 
004A    $080-88851-29-7 
007A    $0314362541 $aHEB 
010@    $aslo 
011@    $a2009 $n2009 
021A    $aTatranský portrétista Andor Borúth $hTatranská Galéria Poprad. [Zodpovedný red.: Anna Ondrušeková. Text: Jitka Haaková] 
027A    $aThe @portrait painter from the High Tatras Andor Borúth 
028C    $7 $8Ondrušeková, Anna [Tnu] $9326111395 
028C/01 $7 $8Haaková, Jitka [Tnu] $9326967249 
028C/02 $71017101124 $8Borúth, Andor$Z1873-1955 [Tp1] $9280666764 
033A    $pPoprad $nTatranská Galéria 
034D    $a72 S. 
034M    $aüberw. Ill. 
037A    $aZsfassung in engl. Sprache u.d.T.: The portrait painter from the High Tatras Andor Borúth 
041A    $71017101124 $8Borúth, Andor$Z1873-1955 [Tp1] $9280666764 
045F    $eDDC22ger 
045F/01 $a709 
045F/03 $f0904 
045F/03 $g4373 
045G    $a709.4373 $eDDC23BSB 
045G/01 $a709 
045G/03 $g4373 
045H    $a306.09437309034 $eDDC23BSB 
045H/01 $a306.09 
045H/03 $f09034 
045H/03 $f0904 
045H/03 $g4373 

lok: 31436254 24
101B    $014-08-13 $t13:50:00.000 
101C    $008-08-13 
101U    $0utf8 
145Z/01 $a2 B 2454 
145Z/02 $a24 9 F 
145Z/03 $a24 15 Q 
145Z/04 $a24 15 R 

exp: 31436254 24 1 #EPN
201B/01 $008-08-13 $t13:15:10.000 
201C/01 $014-12-12 
201U/01 $0utf8 
203@/01 $0659729849 
208@/01 $a08-08-13 $bz 
209A/01 $a13.03324 $du $f050 $h13 03324 $x00 
209C/01 $a13.03324 K $h13 03324 K 
209G/01 $a73037107 $x00 
220C/01 $akon 
244Z/01 $71017101124 $8--Tp1--Borúth, Andor$Z1873-1955 $x01 $9280666764 
247C/01 $8358050-7 Marburg, Bibliothek des Herder-Instituts Marburg $9102600961
LEADER 00000cam a2200000 c 4500
001 314362541
003 DE-603
005 20230609202650.0
007 tu
008 121214s2009 xx |||| | u00||u|slo c
020 |a 9788088851295 
020 |a 8088851297 
035 |a (DE-599)HEB314362541 
040 |a DE-603  |b ger  |c DE-603  |d DE-603 
041 |a slo 
083 0 |8 2\u  |a 709.4373  |q DE-101  |2 23/BSB 
083 0 |8 3\u  |a 306.09437309034  |q DE-101  |2 23/BSB 
085 |8 1\u  |b 709 
085 |8 1\u  |z 1  |s 0904 
085 |8 1\u  |z 2  |s 4373 
085 |8 2\u  |b 709 
085 |8 2\u  |z 2  |s 4373 
085 |8 3\u  |b 306.09 
085 |8 3\u  |z 1  |s 09034 
085 |8 3\u  |z 1  |s 0904 
085 |8 3\u  |z 2  |s 4373 
245 0 0 |a Tatranský portrétista Andor Borúth  |c Tatranská Galéria Poprad. [Zodpovedný red.: Anna Ondrušeková. Text: Jitka Haaková] 
246 1 3 |a ˜Theœ portrait painter from the High Tatras Andor Borúth 
264 1 |a Poprad  |b Tatranská Galéria  |c 2009 
300 |a 72 S.  |b überw. Ill. 
500 |a Zsfassung in engl. Sprache u.d.T.: The portrait painter from the High Tatras Andor Borúth 
600 1 7 |a Borúth, Andor  |d 1873-1955  |0 (DE-588)1017101124  |0 (DE-603)280666764  |2 gnd 
700 1 |a Ondrušeková, Anna  |0 (DE-603)326111395 
700 1 |a Haaková, Jitka  |0 (DE-603)326967249 
700 1 |a Borúth, Andor  |d 1873-1955  |0 (DE-603)280666764  |0 (DE-588)1017101124  |2 gnd 
924 0 |9 Mb 50  |a (DE-603)659729849  |b DE-Mb50  |c HES  |d c  |g 13.03324